000 00700nam a2200289Ia 4500
005 20260324133121.0
008 008 260324s9999 xx 000 0 eng d
020 _a9780203222737
037 _aEBOOK
040 _aCRL
040 _beng
040 _cCRL
041 _2eng
041 _aeng
084 _qCRL
100 _aXiaoke Zhang
_91191863
245 4 _aThe Changing Politics of Finance in Korea and Thailand
245 0 _bFrom Deregulation to Debacle
260 _bTaylor and Francis
260 _c2003
365 _a
365 _b145
856 _uhttp://www.taylorfrancis.com/books/9780203222737
942 _cEBOOK
999 _c1790620
_d1790620